Рецензия Покровского Николая на книгу А. Ф. Кони "На жизненном пути. Том 1"

Доступно только в Электронных читальных залах Найти на картеНа карте
RUSMARC
00003547nac2a22002411x 450
0016d5ea4b9-e1d7-436d-8176-0b8267771fa9
00520131008024631.0
100##$a20130529l1912 k y0rusy50 ca
1010#$arus
102##$aRU
105##$ay z |||||
2001#$aРецензия Покровского Николая на книгу А. Ф. Кони "На жизненном пути. Том 1"
$j1912
215##$a1 лист
251##$cДело
300##$aРукописный текст
330##$aДокументальные материалы, отложившиеся в результате творческой деятельности А. Ф. Кони; Рецензии разных лиц на труды А. Ф. Кони
461#0$10013a54f2e3-e9cf-409b-80fa-f0a9bd3c40cb
$12001
$aКони Анатолий Федорович, юрист, литератор, член академии наук, председатель Санкт-Петербургского окружного суда, член государственного совета
$1251
$cФонд
$1852
$j564
462#0$100178a475cd-a47d-4377-bff3-cee4b81de655
$12001
$aОпись дел фонда А. Ф. Кони за 1880-1931 гг.
$1251
$cОпись
$1852
$j1
600#1$aКони
$bА. Ф.
$f1844-1927
$gАнатолий Федорович
600#1$aПокровский
$bН.
$gНиколай
801#0$aRU
$bGA_RF
801#1$aRU
$bНПО Опыт
$c20130529
$2rusmarc
801#2$aRU
$bПБ им. Б.Н. Ельцина
$c20131008
$gRCR
$2rusmarc
852##$aГА РФ
$j239
937##$d38143372
$hПБ
035##$aRuPRLIB51000686
Формат отображения